Mosse im Museum : die Stiftungstätigkeit des Berliner Verlegers Rudolf Mosse (1843-1920) für das Ägyptische Museum Berlin /

Saved in:

Corporate Author: Ägyptisches Museum und Papyrussammlung (Berlin, Germany)

Other Authors: Helmbold-Doyé, Jana., Gertzen, Thomas L.

Format: Book

Language: English

Published: Berlin : Hentrich und Hentrich : Ägyptisches Museum und Papyrussammlung, Staatliche Museen zu Berlin, [2017].

Edition: 1. Auflage.

Subjects:

Tags: Add Tag

No Tags, Be the first to tag this record!

Call Number: DT59 .B46 2017

LEADER 01411namaa2200289 4500
003 OSt
005 20260510073356.0
008 130303t20172017gw ac b 000 0 eng d
020 |a 9783955652210 
040 |c ARCE Library 
050 4 |a DT59 .B46 2017 
245 0 0 |a Mosse im Museum :   |b die Stiftungstätigkeit des Berliner Verlegers Rudolf Mosse (1843-1920) für das Ägyptische Museum Berlin /   |c für das Ägyptische Museum und die Papyrussammlung der Staatlichen Museen zu Berlin herausgegeben von Jana Helmbold-Doyé & Thomas L. Gertzen.  |n   
250 |a 1. Auflage. 
264 1 |a Berlin :  |b Hentrich und Hentrich :   |b Ägyptisches Museum und Papyrussammlung, Staatliche Museen zu Berlin,   |c [2017]. 
300 |a 183 pages :  |b illustrations (chiefly color), portraits ;  |c 27 cm. 
504 |a Includes bibliographical references (pages 163-180) 
600 1 0 |a Mosse, Rudolf,  |d 1843-1920  |x Archaeological collections  |v Catalogs.  |9 36275 
610 2 0 |a Ägyptisches Museum und Papyrussamlmung (Berlin, Germany)  |v Catalogs. 
650 0 |a Egyptology   |z Germany   |z Berlin   |v Catalogs. 
650 0 |a Archaeological museums and collections   |z Germany   |z Berlin   |v Catalogs. 
651 0 |a Egypt   |x Antiquities   |v Catalogs. 
700 1 |a Helmbold-Doyé, Jana.  |9 31898 
700 1 |a Gertzen, Thomas L. 
710 2 |a Ägyptisches Museum und Papyrussammlung (Berlin, Germany) 
901 |a reviewed 
942 |c BK  |2 lcc 
999 |c 7283  |d 7283